<?xml version="1.0" encoding="UTF-8"?>
<record
    xmlns:xsi="http://www.w3.org/2001/XMLSchema-instance"
    xsi:schemaLocation="http://www.loc.gov/MARC21/slim http://www.loc.gov/standards/marcxml/schema/MARC21slim.xsd"
    xmlns="http://www.loc.gov/MARC21/slim">

  <leader>00863nam a22002177a 4500</leader>
  <controlfield tag="008">240702b        mp ||||| |||| 00| 0 mon d</controlfield>
  <datafield tag="035" ind1=" " ind2=" ">
    <subfield code="a">8084</subfield>
  </datafield>
  <datafield tag="040" ind1=" " ind2=" ">
    <subfield code="a">SU1322070</subfield>
    <subfield code="b">mon</subfield>
    <subfield code="c">MN-UlNLM</subfield>
    <subfield code="d">MN-UlNLM</subfield>
    <subfield code="e">rda</subfield>
  </datafield>
  <datafield tag="041" ind1=" " ind2=" ">
    <subfield code="a">mon</subfield>
  </datafield>
  <datafield tag="042" ind1=" " ind2=" ">
    <subfield code="a">42165</subfield>
  </datafield>
  <datafield tag="084" ind1=" " ind2=" ">
    <subfield code="2">NNA</subfield>
    <subfield code="a">84(7&#x41A;&#x43E;&#x43B;)</subfield>
    <subfield code="b">&#x41C;-263</subfield>
  </datafield>
  <datafield tag="100" ind1=" " ind2=" ">
    <subfield code="a">&#x41C;&#x430;&#x440;&#x43A;&#x435;&#x441; &#x413; &#x413;.</subfield>
  </datafield>
  <datafield tag="245" ind1=" " ind2="0">
    <subfield code="a">&#x410;&#x43B;&#x434;&#x430;&#x433;&#x434;&#x441;&#x430;&#x43D; &#x446;&#x430;&#x433;&#x438;&#x439;&#x43D; &#x442;&#x44D;&#x43D;&#x433;&#x438;&#x441;</subfield>
  </datafield>
  <datafield tag="264" ind1=" " ind2=" ">
    <subfield code="a">&#x423;&#x43B;&#x430;&#x430;&#x43D;&#x431;&#x430;&#x430;&#x442;&#x430;&#x440; &#x445;&#x43E;&#x442;</subfield>
    <subfield code="b">&#x41C;&#x4E9;&#x43D;&#x445;&#x438;&#x439;&#x43D; &#x4AF;&#x441;&#x44D;&#x433; &#x433;&#x440;&#x443;&#x43F;&#x43F;</subfield>
  </datafield>
  <datafield tag="300" ind1=" " ind2=" ">
    <subfield code="a">100&#x445;.</subfield>
  </datafield>
  <datafield tag="336" ind1=" " ind2=" ">
    <subfield code="2">rdacontent</subfield>
    <subfield code="a">text</subfield>
    <subfield code="b">txt</subfield>
  </datafield>
  <datafield tag="337" ind1=" " ind2=" ">
    <subfield code="2">rdamedia</subfield>
    <subfield code="a">unmediated</subfield>
    <subfield code="b">n</subfield>
  </datafield>
  <datafield tag="338" ind1=" " ind2=" ">
    <subfield code="2">rdacarrier</subfield>
    <subfield code="a">volume</subfield>
    <subfield code="b">nc</subfield>
  </datafield>
  <datafield tag="650" ind1=" " ind2=" ">
    <subfield code="a">&#x413;&#x430;&#x440;&#x447;&#x438;&#x433; : &#x418;&#x440;&#x435;&#x43D;&#x434;&#x438;&#x440;&#x430; &#x43E;&#x445;&#x438;&#x43D;&#x44B; &#x438;&#x442;&#x433;&#x44D;&#x43C;&#x44D;&#x44D;&#x440;&#x433;&#x4AF;&#x439; &#x433;&#x443;&#x43D;&#x438;&#x433;&#x442; &#x442;&#x4AF;&#x4AF;&#x445; &#x425;&#x438;&#x439;&#x43C;&#x44D;&#x43B; &#x441;&#x430;&#x440;&#x43D;&#x430;&#x439; &#x41D;&#x44D;&#x433;&#x44D;&#x43D; &#x4E9;&#x434;&#x440;&#x438;&#x439;&#x43D; &#x44F;&#x432;&#x434;&#x430;&#x43B; &#x410;&#x43B;&#x434;&#x430;&#x433;&#x434;&#x441;&#x430;&#x43D; &#x446;&#x430;&#x433;&#x438;&#x439;&#x43D; &#x442;&#x44D;&#x43D;&#x433;&#x438;&#x441; &#x417;&#x443;&#x440;&#x433;&#x430;&#x430;&#x43D; &#x446;&#x430;&#x433;&#x442; &#x438;&#x440;&#x441;&#x44D;&#x43D;...</subfield>
  </datafield>
  <datafield tag="942" ind1=" " ind2=" ">
    <subfield code="2">NNA</subfield>
    <subfield code="c">BK</subfield>
  </datafield>
  <datafield tag="952" ind1=" " ind2=" ">
    <subfield code="0">0</subfield>
    <subfield code="1">0</subfield>
    <subfield code="4">0</subfield>
    <subfield code="6">847&#x41A;&#x41E;&#x41B;_&#x41C;263</subfield>
    <subfield code="7">0</subfield>
    <subfield code="8">SU1323</subfield>
    <subfield code="a">SU1322070</subfield>
    <subfield code="b">SU1322070</subfield>
    <subfield code="c">SU1323</subfield>
    <subfield code="d">2024-07-04</subfield>
    <subfield code="g">2500.00</subfield>
    <subfield code="l">0</subfield>
    <subfield code="o">84(7&#x41A;&#x43E;&#x43B;)  &#x41C;-263</subfield>
    <subfield code="p">SU1328084-1-1</subfield>
    <subfield code="r">2024-07-04</subfield>
    <subfield code="t">39691</subfield>
    <subfield code="y">BK</subfield>
  </datafield>
  <datafield tag="952" ind1=" " ind2=" ">
    <subfield code="0">0</subfield>
    <subfield code="1">0</subfield>
    <subfield code="4">0</subfield>
    <subfield code="6">847&#x41A;&#x41E;&#x41B;_&#x41C;263</subfield>
    <subfield code="7">0</subfield>
    <subfield code="8">SU1321</subfield>
    <subfield code="a">SU1322070</subfield>
    <subfield code="b">SU1322070</subfield>
    <subfield code="c">SU1321</subfield>
    <subfield code="d">2024-07-04</subfield>
    <subfield code="g">2500.00</subfield>
    <subfield code="l">0</subfield>
    <subfield code="o">84(7&#x41A;&#x43E;&#x43B;)  &#x41C;-263</subfield>
    <subfield code="p">SU1328084-2-1</subfield>
    <subfield code="r">2024-07-04</subfield>
    <subfield code="t">39581</subfield>
    <subfield code="y">BK</subfield>
  </datafield>
  <datafield tag="952" ind1=" " ind2=" ">
    <subfield code="0">0</subfield>
    <subfield code="1">0</subfield>
    <subfield code="4">0</subfield>
    <subfield code="6">847&#x41A;&#x41E;&#x41B;_&#x41C;263</subfield>
    <subfield code="7">0</subfield>
    <subfield code="8">SU1321</subfield>
    <subfield code="a">SU1322070</subfield>
    <subfield code="b">SU1322070</subfield>
    <subfield code="c">SU1321</subfield>
    <subfield code="d">2024-07-04</subfield>
    <subfield code="g">2500.00</subfield>
    <subfield code="l">0</subfield>
    <subfield code="o">84(7&#x41A;&#x43E;&#x43B;)  &#x41C;-263</subfield>
    <subfield code="p">SU1328084-2-2</subfield>
    <subfield code="r">2024-07-04</subfield>
    <subfield code="t">39582</subfield>
    <subfield code="y">BK</subfield>
  </datafield>
  <datafield tag="952" ind1=" " ind2=" ">
    <subfield code="0">0</subfield>
    <subfield code="1">0</subfield>
    <subfield code="4">0</subfield>
    <subfield code="6">847&#x41A;&#x41E;&#x41B;_&#x41C;263</subfield>
    <subfield code="7">0</subfield>
    <subfield code="8">SU1322</subfield>
    <subfield code="a">SU1322070</subfield>
    <subfield code="b">SU1322070</subfield>
    <subfield code="c">SU1322</subfield>
    <subfield code="d">2024-07-04</subfield>
    <subfield code="g">2500.00</subfield>
    <subfield code="l">0</subfield>
    <subfield code="o">84(7&#x41A;&#x43E;&#x43B;)  &#x41C;-263</subfield>
    <subfield code="p">SU1328084-3-1</subfield>
    <subfield code="r">2024-07-04</subfield>
    <subfield code="t">39580</subfield>
    <subfield code="y">BK</subfield>
  </datafield>
  <datafield tag="999" ind1=" " ind2=" ">
    <subfield code="c">1066234</subfield>
    <subfield code="d">1066291</subfield>
  </datafield>
</record>
